[Event "Dhaka Zia Memorial"]
[Site "Dhaka"]
[Date "2025.07.08"]
[Round "6"]
[White "Anata, Choudhury"]
[Black "Uddin, Saif"]
[Result "1-0"]
[WhiteElo "2139"]
[BlackElo "1959"]
[PlyCount "87"]
[EventDate "2025.07.05"]
[EventType "swiss"]
[EventRounds "9"]
[EventCountry "BAN"]
[SourceTitle "CB29_2025"]
[SourceDate "2025.07.16"]
[SourceVersion "1"]
[SourceVersionDate "2025.07.16"]
[SourceQuality "1"]

1. e4 c5 2. Nf3 Nc6 3. Bb5 d6 4. 0-0 Bd7 5. Re1 e5 6. c3 Nf6 7. d4 Qc7 8. Bg5 Be7 9. dxe5 dxe5 10. Nbd2 a6 11. Bf1 b5 12. a4 Rb8 13. Qc2 h6 14. Bh4 g5 15. Bg3 Nh5 16. axb5 axb5 17. Ra6 Nf4 18. Rea1 h5 19. h4 g4 20. Ne1 Ng6 21. Nb3 c4 22. Nd4 Bxh4 23. Nxc6 Bxc6 24. Bxh4 Nxh4 25. Qd2 Ng6 26. Qe3 Rc8 27. Nc2 Qd7 28. Nb4 Bb7 29. Ra7 Ne7 30. Qb6 Rb8 31. Na6 0-0 32. Nxb8 Rxb8 33. Qh6 g3 34. Qg5+ Ng6 35. Qxg3 Qd2 36. Qe3 Qxe3 37. fxe3 Bxe4 38. Be2 h4 39. Rd1 Bf5 40. Rd5 Be6 41. Rd6 b4 42. Rda6 bxc3 43. Ra8 Rxa8 44. Rxa8+ 1-0

[Event "Dhaka Zia Memorial"]
[Site "Dhaka"]
[Date "2025.07.07"]
[Round "4"]
[White "Anata, Choudhury"]
[Black "Avik, Sarker"]
[Result "1-0"]
[WhiteElo "2139"]
[BlackElo "1975"]
[PlyCount "45"]
[EventDate "2025.07.05"]
[EventType "swiss"]
[EventRounds "9"]
[EventCountry "BAN"]
[SourceTitle "CB29_2025"]
[SourceDate "2025.07.16"]
[SourceVersion "1"]
[SourceVersionDate "2025.07.16"]
[SourceQuality "1"]

1. e4 e5 2. Nf3 Nf6 3. d4 Nxe4 4. Bd3 d5 5. Nxe5 Bd6 6. 0-0 0-0 7. c4 Bxe5 8. dxe5 Nc6 9. cxd5 Qxd5 10. Qc2 Nb4 11. Bxe4 Nxc2 12. Bxd5 Bf5 13. g4 Bxg4 14. Be4 Nxa1 15. Bf4 f5 16. Bd5+ Kh8 17. Rc1 Rad8 18. Nc3 b5 19. e6 Rfe8 20. Bxc7 b4 21. Bxd8 bxc3 22. e7 cxb2 23. Rb1 1-0

[Event "BAN-ch 48th"]
[Site "Dhaka"]
[Date "2024.07.03"]
[Round "10"]
[White "Anata, Choudhury"]
[Black "Hossain, Enamul"]
[Result "1/2-1/2"]
[WhiteElo "2155"]
[BlackElo "2365"]
[PlyCount "66"]
[EventDate "2024.06.23"]
[EventType "tourn"]
[EventRounds "13"]
[EventCountry "BAN"]
[SourceTitle "EXT 2025"]
[Source "ChessBase"]
[SourceDate "2024.10.14"]
[SourceVersion "1"]
[SourceVersionDate "2024.10.14"]
[SourceQuality "1"]

1. e4 c5 2. Nf3 d6 3. d4 cxd4 4. Nxd4 Nf6 5. Nc3 a6 6. h3 e5 7. Nf3 Be7 8. g4 h6 9. Rg1 b5 10. g5 hxg5 11. Nxg5 Bb7 12. Be3 Qc7 13. Qd2 Nbd7 14. 0-0-0 b4 15. Nd5 Nxd5 16. exd5 Nf6 17. Bg2 Bc8 18. f4 Bf5 19. fxe5 Rc8 20. Rdf1 Bxc2 21. exf6 Qa5 22. Qxc2 Rxc2+ 23. Kxc2 gxf6 24. Nf3 Qa4+ 25. Kd3 Qb5+ 26. Kd2 Rg8 27. Rf2 b3 28. axb3 Qxb3 29. Nd4 Qxb2+ 30. Kd3 Qa3+ 31. Ke2 Qa2+ 32. Kd3 Qa3+ 33. Ke2 Qa2+ 1/2-1/2

[Event "BAN-ch 48th"]
[Site "Dhaka"]
[Date "2024.06.29"]
[Round "7"]
[White "Murshed, Niaz"]
[Black "Anata, Choudhury"]
[Result "1-0"]
[WhiteElo "2317"]
[BlackElo "2155"]
[PlyCount "97"]
[EventDate "2024.06.23"]
[EventType "tourn"]
[EventRounds "13"]
[EventCountry "BAN"]
[SourceTitle "EXT 2025"]
[Source "ChessBase"]
[SourceDate "2024.10.14"]
[SourceVersion "1"]
[SourceVersionDate "2024.10.14"]
[SourceQuality "1"]

1. Nf3 c5 2. c4 Nc6 3. g3 g6 4. Bg2 Bg7 5. Nc3 e5 6. d3 Nge7 7. 0-0 0-0 8. a3 d6 9. Rb1 a5 10. Ne1 Be6 11. Nc2 d5 12. cxd5 Nxd5 13. Ne3 Nde7 14. Nc4 Rb8 15. a4 b6 16. b3 f5 17. Nb5 Nd5 18. Bb2 Qe7 19. e3 Rfd8 20. Qe2 Ndb4 21. Rbd1 Rd7 22. Rfe1 Bxc4 23. bxc4 Rbd8 24. Nc3 Qd6 25. Nd5 Nxd5 26. Bxd5+ Kh8 27. e4 fxe4 28. Bxe4 Nd4 29. Bxd4 Qxd4 30. Rb1 Qd6 31. Rb5 Rf7 32. Reb1 Rdf8 33. f3 Rf6 34. Kg2 Bh6 35. Qb2 Qd4 36. Qxd4 exd4 37. Rxb6 Bd2 38. Rxf6 Rxf6 39. Rb7 Kg8 40. Bd5+ Kf8 41. Rxh7 Rb6 42. Rb7 Rb4 43. Rxb4 axb4 44. a5 b3 45. a6 b2 46. a7 b1Q 47. a8Q+ Ke7 48. Qa7+ Kd8 49. Be6 1-0

[Event "BAN-ch 48th"]
[Site "Dhaka"]
[Date "2024.06.25"]
[Round "3"]
[White "Rahman, Ziaur"]
[Black "Anata, Choudhury"]
[Result "1/2-1/2"]
[WhiteElo "2423"]
[BlackElo "2155"]
[PlyCount "64"]
[EventDate "2024.06.23"]
[EventType "tourn"]
[EventRounds "13"]
[EventCountry "BAN"]
[SourceTitle "EXT 2025"]
[Source "ChessBase"]
[SourceDate "2024.10.14"]
[SourceVersion "1"]
[SourceVersionDate "2024.10.14"]
[SourceQuality "1"]

1. Nf3 c5 2. c4 g6 3. g3 Nc6 4. Bg2 Bg7 5. Nc3 e5 6. d3 Nge7 7. Nd2 d6 8. Nf1 Rb8 9. Ne3 0-0 10. 0-0 a6 11. Ned5 b5 12. b3 Be6 13. Bg5 f6 14. Bd2 Qd7 15. Re1 Bf7 16. a3 Nxd5 17. cxd5 Ne7 18. b4 Rbc8 19. Rb1 c4 20. e4 f5 21. Qe2 cxd3 22. Qxd3 fxe4 23. Bxe4 Nf5 24. a4 Rc4 25. axb5 axb5 26. Rb2 Rfc8 27. Ra1 Bh6 28. Be1 Nd4 29. Bg2 Qf5 30. Be4 Qd7 31. Bg2 Qf5 32. Be4 Qd7 1/2-1/2

[Event "BAN-chB 48th"]
[Site "Dhaka"]
[Date "2024.06.13"]
[Round "7"]
[White "Amit Bikram, Roy"]
[Black "Anata, Choudhury"]
[Result "0-1"]
[WhiteElo "1989"]
[BlackElo "2155"]
[PlyCount "160"]
[EventDate "2024.06.07"]
[EventType "swiss"]
[EventRounds "9"]
[EventCountry "BAN"]
[SourceTitle "EXT 2025"]
[Source "ChessBase"]
[SourceDate "2024.10.14"]
[SourceVersion "1"]
[SourceVersionDate "2024.10.14"]
[SourceQuality "1"]

1. c4 c5 2. Nc3 g6 3. g3 Bg7 4. Bg2 Nc6 5. d3 d6 6. a3 Qd7 7. Nf3 b6 8. 0-0 Bb7 9. Rb1 e6 10. e4 Nge7 11. Qc2 0-0 12. b4 Rac8 13. bxc5 dxc5 14. Ne2 Rfd8 15. Rd1 Ne5 16. Nxe5 Bxe5 17. f4 Bg7 18. Bb2 Bxb2 19. Rxb2 Nc6 20. Qd2 Nd4 21. Nc3 Bc6 22. e5 Nf3+ 23. Bxf3 Bxf3 24. Ne2 Rc7 25. Qe3 Qa4 26. Rf1 Bxe2 27. Rxe2 Qxa3 28. Rd2 Qc3 29. Kg2 Rcd7 30. Rfd1 Qb3 31. f5 exf5 32. e6 Re7 33. exf7+ Kxf7 34. Qh6 Kg8 35. h4 Qa4 36. h5 Qc6+ 37. Kh2 Rde8 38. Rf2 Re2 39. Qf4 Rxf2+ 40. Qxf2 Qe6 41. Rd2 Qe3 42. Qg2 Qg5 43. Qd5+ Kg7 44. Rf2 Qxh5+ 45. Kg2 Re1 46. Rf1 Qe2+ 47. Rf2 Qe6 48. Qb7+ Qe7 49. Qf3 Re3 50. Qd1 Qc7 51. Rf4 Qe7 52. Qa1+ Qe5 53. Qxa7+ Qe7 54. Qxb6 Rxd3 55. Qb2+ Kg8 56. Qb8+ Rd8 57. Qb2 Qd6 58. Rf2 Qd4 59. Qb3 Qe4+ 60. Kh2 Qe5 61. Qf3 Rd7 62. Re2 Qf6 63. Re8+ Kg7 64. Qe3 Qd6 65. Kh3 Qd4 66. Qe1 Qg4+ 67. Kg2 Qxc4 68. Re7+ Rxe7 69. Qxe7+ Kh6 70. Qe3+ g5 71. Kh3 Qg4+ 72. Kh2 f4 73. Qe7 Qxg3+ 74. Kh1 Qh3+ 75. Kg1 Qf5 76. Qb7 g4 77. Kh1 f3 78. Qc6+ Kg5 79. Qd6 Qb1+ 80. Kh2 Qc2+ 0-1

[Event "BAN-chB 48th"]
[Site "Dhaka"]
[Date "2024.06.10"]
[Round "4"]
[White "Anata, Choudhury"]
[Black "Mohammad Fahad, Rahman"]
[Result "0-1"]
[WhiteElo "2155"]
[BlackElo "2437"]
[PlyCount "52"]
[EventDate "2024.06.07"]
[EventType "swiss"]
[EventRounds "9"]
[EventCountry "BAN"]
[SourceTitle "EXT 2025"]
[Source "ChessBase"]
[SourceDate "2024.10.14"]
[SourceVersion "1"]
[SourceVersionDate "2024.10.14"]
[SourceQuality "1"]

1. e4 c5 2. Nc3 Nc6 3. Bb5 Nd4 4. Nf3 e6 5. 0-0 a6 6. Bd3 Nc6 7. a3 b5 8. Re1 d6 9. b4 Bb7 10. bxc5 dxc5 11. Bb2 Nf6 12. e5 Nd7 13. Ne4 Qc7 14. c4 bxc4 15. Bxc4 Be7 16. d4 cxd4 17. Nxd4 Ndxe5 18. Nxe6 fxe6 19. Bxe6 Rd8 20. Qa4 Rf8 21. Re3 Rf4 22. Nf6+ Rxf6 23. Bxe5 Qa5 24. Qxa5 Nxa5 25. Bxf6 Bxf6 26. Rc1 Bg5 0-1

[Event "BAN-chB 48th"]
[Site "Dhaka"]
[Date "2024.06.09"]
[Round "3"]
[White "Chatterjee, Debaraj"]
[Black "Anata, Choudhury"]
[Result "1/2-1/2"]
[WhiteElo "2132"]
[BlackElo "2155"]
[PlyCount "32"]
[EventDate "2024.06.07"]
[EventType "swiss"]
[EventRounds "9"]
[EventCountry "BAN"]
[SourceTitle "EXT 2025"]
[Source "ChessBase"]
[SourceDate "2024.10.14"]
[SourceVersion "1"]
[SourceVersionDate "2024.10.14"]
[SourceQuality "1"]

1. d4 Nf6 2. c4 e6 3. g3 d5 4. Nf3 dxc4 5. Bg2 c5 6. 0-0 Nc6 7. Na3 cxd4 8. Nxc4 Bc5 9. a3 a5 10. b3 Qe7 11. Bb2 e5 12. b4 axb4 13. axb4 Rxa1 14. Qxa1 Nxb4 15. Ncxe5 0-0 16. Bxd4 b6 1/2-1/2

[Event "Bangabandhu-chT"]
[Site "Dhaka"]
[Date "2024.02.09"]
[Round "9.4"]
[White "Anata, Choudhury"]
[Black "Asif, Mahmud"]
[Result "1-0"]
[WhiteElo "2157"]
[BlackElo "1912"]
[PlyCount "49"]
[EventDate "2024.02.01"]
[EventType "team-tourn"]
[EventRounds "11"]
[EventCountry "BAN"]
[SourceTitle "CBM 218 Extra"]
[Source "ChessBase"]
[SourceDate "2024.03.31"]
[SourceVersion "1"]
[SourceVersionDate "2024.03.31"]
[SourceQuality "1"]
[WhiteTeam "Palli Sanchay Bank"]
[BlackTeam "Leonine CC"]
[WhiteTeamCountry "BAN"]
[BlackTeamCountry "BAN"]

1. e4 c5 2. Nf3 d6 3. d4 cxd4 4. Nxd4 Nf6 5. Nc3 a6 6. h3 e5 7. Nf3 Be6 8. g4 Be7 9. g5 Nfd7 10. Be3 Qc7 11. Qd2 b5 12. 0-0-0 Nb6 13. Nh4 b4 14. Nd5 Bxd5 15. exd5 Nc4 16. Bxc4 Qxc4 17. Nf5 g6 18. b3 Qb5 19. Nxe7 Kxe7 20. f4 Rd8 21. fxe5 dxe5 22. Rhf1 f5 23. gxf6+ Kf7 24. Bb6 Rd7 25. Qh6 1-0

[Event "Bangabandhu-chT"]
[Site "Dhaka"]
[Date "2024.02.03"]
[Round "3.4"]
[White "Manon, Reja Neer"]
[Black "Anata, Choudhury"]
[Result "1-0"]
[WhiteElo "2148"]
[BlackElo "2157"]
[PlyCount "81"]
[EventDate "2024.02.01"]
[EventType "team-tourn"]
[EventRounds "11"]
[EventCountry "BAN"]
[SourceTitle "CBM 218 Extra"]
[Source "ChessBase"]
[SourceDate "2024.03.31"]
[SourceVersion "1"]
[SourceVersionDate "2024.03.31"]
[SourceQuality "1"]
[WhiteTeam "Bangladesh Navy"]
[BlackTeam "Palli Sanchay Bank"]
[WhiteTeamCountry "BAN"]
[BlackTeamCountry "BAN"]

1. e4 c5 2. Nc3 Nc6 3. Nge2 d6 4. d4 cxd4 5. Nxd4 Nf6 6. Bg5 e6 7. Qd2 a6 8. 0-0-0 Bd7 9. f3 h6 10. Be3 h5 11. Qe1 Qc7 12. Nxc6 bxc6 13. Rg1 Be7 14. g4 hxg4 15. fxg4 Nh7 16. h4 g5 17. h5 0-0 18. Qd2 Rab8 19. Bd3 e5 20. Bc4 Be6 21. Bb3 Rfd8 22. Rgf1 Qb7 23. Qf2 d5 24. Bc5 Bf6 25. Qg2 d4 26. Na4 d3 27. Bxe6 fxe6 28. cxd3 Bg7 29. Qc2 Nf6 30. Be3 Nh7 31. Nc5 Qe7 32. Qc4 Re8 33. Nxa6 Rb5 34. a4 Rb7 35. Nc5 Rbb8 36. Kc2 Bf8 37. Rb1 Qd6 38. b4 Bh6 39. a5 Kg7 40. a6 Nf6 41. Rg1 1-0

[Event "Dhaka op"]
[Site "Dhaka"]
[Date "2024.01.15"]
[Round "1"]
[White "Chowdhury, Shamsul Kabir"]
[Black "Anata, Choudhury"]
[Result "0-1"]
[WhiteElo "1681"]
[BlackElo "2196"]
[PlyCount "96"]
[EventDate "2024.01.15"]
[EventType "swiss"]
[EventRounds "9"]
[EventCountry "BAN"]
[SourceTitle "CBM 218 Extra"]
[Source "ChessBase"]
[SourceDate "2024.03.31"]
[SourceVersion "1"]
[SourceVersionDate "2024.03.31"]
[SourceQuality "1"]

1. d4 Nf6 2. c4 e6 3. Nc3 Bb4 4. a3 Bxc3+ 5. bxc3 b6 6. Qc2 Ba6 7. e4 Nc6 8. e5 Ng8 9. Bd3 Nge7 10. f4 Na5 11. Qe2 d5 12. c5 Bxd3 13. Qxd3 Qd7 14. cxb6 cxb6 15. Ne2 0-0 16. g4 f5 17. g5 Rac8 18. Kf2 Qa4 19. Rb1 Rc7 20. Rb4 Qd7 21. Qb5 Nec6 22. Rb1 Nc4 23. h4 Rfc8 24. h5 a6 25. Qa4 N6xe5 26. Qd1 Ng4+ 27. Kf3 b5 28. h6 g6 29. Qb3 Nd6 30. Rd1 Ne4 31. Bd2 Ngf2 32. Be1 Nxd1 33. Rxd1 Rc4 34. Rd3 Qc7 35. Re3 Qa5 36. Nc1 Qa4 37. Qxa4 Rxa4 38. Nd3 Rxa3 39. Nc5 Nxc5 40. dxc5 Kf7 41. Rd3 Rxc5 42. Ke3 Rc4 43. Bd2 a5 44. Ke2 b4 45. cxb4 axb4 46. Be3 Rxd3 47. Kxd3 b3 48. Bd4 Rxd4+ 0-1

[Event "BAN-ch 47th"]
[Site "Dhaka"]
[Date "2022.12.24"]
[Round "9"]
[White "Shawket Bin, Osman Shaon"]
[Black "Anata, Choudhury"]
[Result "1/2-1/2"]
[WhiteElo "2088"]
[BlackElo "2188"]
[PlyCount "68"]
[EventDate "2022.12.15"]
[EventType "tourn"]
[EventRounds "13"]
[EventCountry "BAN"]
[EventCategory "1"]
[SourceTitle "CBM 212 Extra"]
[Source "ChessBase"]
[SourceDate "2023.03.31"]
[SourceVersion "1"]
[SourceVersionDate "2023.03.31"]
[SourceQuality "1"]

1. d4 Nf6 2. c4 e6 3. Nc3 Bb4 4. e3 0-0 5. Bd3 d5 6. cxd5 exd5 7. Nge2 Re8 8. 0-0 Bd6 9. Bd2 a6 10. Ng3 Nbd7 11. Qc2 c5 12. Nf5 Bf8 13. dxc5 Nxc5 14. Nd4 Bd7 15. Rad1 Rc8 16. Qb1 Bd6 17. Bf5 Qc7 18. h3 Ne6 19. Nce2 g6 20. Bd3 Ne4 21. Be1 Be5 22. Nf3 Bg7 23. b3 Qb6 24. Bd2 Nd6 25. Rc1 Nb5 26. Rxc8 Rxc8 27. Rc1 Rc7 28. Rxc7 Qxc7 29. Qe1 Nc5 30. Bb1 Ne4 31. Bb4 Nbc3 32. Nxc3 Bxc3 33. Bxc3 Nxc3 34. Nd4 Nb5 1/2-1/2

[Event "BAN-ch 47th"]
[Site "Dhaka"]
[Date "2022.12.21"]
[Round "6"]
[White "Rahman, Ziaur"]
[Black "Anata, Choudhury"]
[Result "0-1"]
[WhiteElo "2464"]
[BlackElo "2188"]
[PlyCount "88"]
[EventDate "2022.12.15"]
[EventType "tourn"]
[EventRounds "13"]
[EventCountry "BAN"]
[EventCategory "1"]
[SourceTitle "CBM 212 Extra"]
[Source "ChessBase"]
[SourceDate "2023.03.31"]
[SourceVersion "1"]
[SourceVersionDate "2023.03.31"]
[SourceQuality "1"]

1. d4 Nf6 2. Bg5 c5 3. Nc3 cxd4 4. Qxd4 Nc6 5. Qh4 e6 6. e4 Be7 7. f4 d6 8. Nf3 h6 9. 0-0-0 Qa5 10. e5 dxe5 11. fxe5 Nxe5 12. Nxe5 Qxe5 13. Bb5+ Kf8 14. Bf4 Qc5 15. Qe1 a6 16. Bd3 Bd7 17. g4 Bc6 18. Rg1 Bf3 19. Be2 Bxe2 20. Qxe2 Rc8 21. Kb1 Qc4 22. Qf3 b5 23. Ka1 b4 24. Ne2 Qe4 25. Qf1 Nd5 26. Bc1 Bf6 27. Ng3 Qc4 28. Rd3 Qxc2 29. Ne4 Ke7 30. Nxf6 gxf6 31. h4 Rhg8 32. Bd2 Rgd8 33. g5 hxg5 34. hxg5 f5 35. g6 Nc3 36. Rxd8 Rxd8 37. Qc4 Rxd2 38. Qxb4+ Kf6 39. Qh4+ Ke5 40. Qh8+ Kd5 41. Qa8+ Kd4 42. Qa7+ Ke4 43. Re1+ Re2 44. Rxe2+ Nxe2 0-1

[Event "BAN-ch 47th"]
[Site "Dhaka"]
[Date "2022.12.18"]
[Round "4"]
[White "Manon, Reja Neer"]
[Black "Anata, Choudhury"]
[Result "1/2-1/2"]
[WhiteElo "2215"]
[BlackElo "2188"]
[PlyCount "37"]
[EventDate "2022.12.15"]
[EventType "tourn"]
[EventRounds "13"]
[EventCountry "BAN"]
[EventCategory "1"]
[SourceTitle "CBM 212 Extra"]
[Source "ChessBase"]
[SourceDate "2023.03.31"]
[SourceVersion "1"]
[SourceVersionDate "2023.03.31"]
[SourceQuality "1"]

1. e4 c5 2. Nf3 d6 3. d4 cxd4 4. Nxd4 Nf6 5. Nc3 a6 6. g3 e5 7. Nb3 Be7 8. Bg5 Be6 9. Bxf6 Bxf6 10. Nd5 Nd7 11. Bg2 Be7 12. 0-0 Bxd5 13. Qxd5 Qc7 14. Qd3 0-0 15. a4 Rfd8 16. c3 Rab8 17. Bh3 Nc5 18. Qc2 b5 19. axb5 1/2-1/2

[Event "BAN-chT Premier"]
[Site "Dhaka"]
[Date "2022.12.06"]
[Round "7.5"]
[White "Anata, Choudhury"]
[Black "Md Abzid, Rahman"]
[Result "0-1"]
[WhiteElo "2176"]
[BlackElo "2043"]
[PlyCount "124"]
[EventDate "2022.11.30"]
[EventType "team-tourn"]
[EventRounds "11"]
[EventCountry "BAN"]
[SourceTitle "CBM 211 Extra"]
[Source "ChessBase"]
[SourceDate "2023.01.31"]
[SourceVersion "1"]
[SourceVersionDate "2023.01.31"]
[SourceQuality "1"]
[WhiteTeam "Titas CC"]
[BlackTeam "Sheikh Russel"]
[WhiteTeamCountry "BAN"]
[BlackTeamCountry "BAN"]

1. e4 Nf6 2. e5 Nd5 3. d4 d6 4. Nf3 Bg4 5. Be2 Nc6 6. 0-0 Nb6 7. a4 a5 8. Be3 d5 9. h3 Bxf3 10. Bxf3 e6 11. Nd2 Be7 12. c3 0-0 13. Be2 Bg5 14. f4 Bh6 15. Bd3 f6 16. Qe2 fxe5 17. fxe5 Rxf1+ 18. Nxf1 Qh4 19. Bf2 Qe7 20. Qc2 g6 21. Nh2 Rf8 22. Ng4 Bg7 23. Be3 Qe8 24. Bg5 Nd7 25. h4 Ne7 26. Nh6+ Kh8 27. h5 c5 28. b3 cxd4 29. cxd4 Nc6 30. hxg6 Nxd4 31. Nf7+ Qxf7 32. Qb2 Nxe5 33. gxf7 Ndf3+ 34. Kh1 Nxg5 35. Qd2 Nxd3 36. Rf1 Ne4 37. Qxd3 Bf6 38. Rf4 Rxf7 39. Qh3 e5 40. Qc8+ Kg7 41. Rf3 d4 42. Qg4+ Ng5 43. Rf1 h6 44. Re1 Re7 45. Qf5 e4 46. Rf1 Re6 47. Qxa5 e3 48. Qd5 e2 49. Re1 Re3 50. Qxb7+ Kg6 51. Qd5 d3 52. g4 Nf3 53. Qg8+ Bg7 54. Qd5 Be5 55. Qe6+ Kg5 56. Qf5+ Kh4 57. Qh5+ Kg3 58. Qxh6 Nxe1 59. Qh2+ Kf3 60. Qh3+ Bg3 61. g5 Ng2 62. Qh5+ Kf2 0-1

[Event "BAN-chT Premier"]
[Site "Dhaka"]
[Date "2022.12.01"]
[Round "2.1"]
[White "Anata, Choudhury"]
[Black "Murshed, Niaz"]
[Result "1-0"]
[WhiteElo "2176"]
[BlackElo "2419"]
[PlyCount "53"]
[EventDate "2022.11.30"]
[EventType "team-tourn"]
[EventRounds "11"]
[EventCountry "BAN"]
[SourceTitle "CBM 211 Extra"]
[Source "ChessBase"]
[SourceDate "2023.01.31"]
[SourceVersion "1"]
[SourceVersionDate "2023.01.31"]
[SourceQuality "1"]
[WhiteTeam "Titas CC"]
[BlackTeam "Palli Sanchoy Bank"]
[WhiteTeamCountry "BAN"]
[BlackTeamCountry "BAN"]

1. e4 e6 2. d4 d5 3. Nc3 Bb4 4. e5 Ne7 5. a3 Bxc3+ 6. bxc3 b6 7. Qg4 Kf8 8. h4 Ba6 9. h5 h6 10. Nf3 Bxf1 11. Kxf1 c5 12. Nh4 cxd4 13. Rh3 Nbc6 14. cxd4 Qd7 15. Rg3 Rg8 16. a4 Rc8 17. Rf3 Nxd4 18. Ng6+ Nxg6 19. Qxd4 Ne7 20. Ba3 Ke8 21. Qd3 Qxa4 22. Kg1 a5 23. Rb1 Nf5 24. Rxb6 g6 25. Qa6 Qd7 26. Rb7 Qa4 27. Rxf5 1-0

[Event "BAN-chB 47th"]
[Site "Dhaka"]
[Date "2022.11.05"]
[Round "10"]
[White "Anata, Choudhury"]
[Black "Mohammad, Javed"]
[Result "1-0"]
[WhiteElo "2176"]
[BlackElo "2056"]
[PlyCount "77"]
[EventDate "2022.10.27"]
[EventType "swiss"]
[EventRounds "11"]
[EventCountry "BAN"]
[SourceTitle "EXT 2024"]
[Source "ChessBase"]
[SourceDate "2023.10.10"]
[SourceVersion "1"]
[SourceVersionDate "2023.10.10"]
[SourceQuality "1"]

1. e4 e6 2. d4 d5 3. Nc3 Nf6 4. e5 Nfd7 5. f4 c5 6. Nf3 Nc6 7. Be3 Be7 8. Qd2 0-0 9. Be2 a6 10. Nd1 f6 11. c3 b5 12. 0-0 f5 13. Kh1 cxd4 14. Nxd4 Nxd4 15. cxd4 Nb6 16. b3 b4 17. Nf2 a5 18. Nd3 Nd7 19. Rac1 Bb7 20. g4 Qb6 21. gxf5 exf5 22. Bf3 Rfc8 23. Qg2 Qe6 24. Nc5 Bxc5 25. dxc5 Kh8 26. Rfd1 Qh6 27. Bxd5 Bxd5 28. Rxd5 Nf8 29. Rd6 Ng6 30. Rcd1 Qh4 31. Qf3 a4 32. c6 axb3 33. axb3 Ra2 34. Bg1 Rc2 35. Qd5 Nf8 36. Rd8 Rxd8 37. Qxd8 Qxd8 38. Rxd8 Kg8 39. e6 1-0

[Event "Dhaka Chowdhury Memorial op-A 2nd"]
[Site "Dhaka"]
[Date "2022.07.05"]
[Round "4"]
[White "Anata, Choudhury"]
[Black "Chowdhury, Sohel"]
[Result "0-1"]
[WhiteElo "2207"]
[BlackElo "2015"]
[PlyCount "102"]
[EventDate "2022.07.02"]
[EventType "swiss"]
[EventRounds "8"]
[EventCountry "BAN"]
[SourceTitle "EXT 2023"]
[Source "ChessBase"]
[SourceDate "2022.10.05"]
[SourceVersion "1"]
[SourceVersionDate "2022.10.05"]
[SourceQuality "1"]

1. e4 c6 2. d4 d5 3. Nd2 dxe4 4. Nxe4 Bf5 5. Ng3 Bg6 6. N1e2 Nf6 7. Nf4 Nd5 8. Ngh5 e6 9. c3 Nxf4 10. Nxf4 Bd6 11. Nxg6 hxg6 12. g3 Nd7 13. Bg2 Nf6 14. 0-0 0-0 15. Re1 Re8 16. Qb3 Qc7 17. Bg5 e5 18. dxe5 Rxe5 19. Rxe5 Bxe5 20. Rd1 Nh7 21. Be3 Nf8 22. a4 a6 23. Bb6 Qe7 24. Bh3 Re8 25. Re1 Qf6 26. Qd1 Rb8 27. Re3 g5 28. Qe2 Ng6 29. Rf3 Qe7 30. Rd3 Qf6 31. Rf3 Qe7 32. Bf5 Bd6 33. Re3 Qf6 34. Re8+ Rxe8 35. Qxe8+ Nf8 36. Bc8 c5 37. Qd8 Be7 38. Qc7 Ng6 39. Bxb7 Ne5 40. Qc8+ Kh7 41. Qh3+ Kg8 42. Qc8+ Kh7 43. Bc7 a5 44. h3 g6 45. Kg2 Nd3 46. f3 Nxb2 47. Qd7 Nc4 48. Qd3 Qe6 49. Qe4 Ne3+ 50. Kg1 Qd7 51. Be5 Qd1+ 0-1